Normal view
MARC view
- Advisor DR. RAJA AMER AZIM
Entry Personal Name
001 - CONTROL NUMBER
- control field: 69437
003 - CONTROL NUMBER IDENTIFIER
- control field: NUST
005 - DATE AND TIME OF LATEST TRANSACTION
- control field: 20210628204229.0
008 - FIXED-LENGTH DATA ELEMENTS
- fixed length control field: 210628|| aca||aabn | a|a d
040 ## - CATALOGING SOURCE
- Original cataloging agency: NUST
- Transcribing agency: NUST
100 ## - HEADING--PERSONAL NAME
- Personal name: Advisor DR. RAJA AMER AZIM
670 ## - SOURCE DATA FOUND
- Source citation: Work cat.: (NUST): SANA FATIMA 15688, TH-SOF-1566-Independent Suspension System, Modeling and Analysis of Multi-axle Vehicle, 2018
